Statistics for Kdrama / 2

Click here to take the quiz!

General Stats

  • This quiz has been taken 477 times
  • The average score is 7 of 16

Answer Stats

Answer% Correct
Squid Game
99%
All of us are dead
83%
Snowdrop
79%
Hometown cha cha cha
71%
W
67%
Mr.Queen
56%
Mouse
44%
She was pretty
43%
Cheer Up
40%
100 days my prince
36%
Why Her
24%
Blind
20%
Melting me softly
19%
Dali and cocky Prince
18%
Red sky
8%
My Roommate is Gumhio
0%

Score Distribution

Percentile by Number Answered

Percent of People with Each Score

Your Score History

You have not taken this quiz